Statistics for 101 Dalmatians Franchise

Click here to take the quiz!

General Stats

  • This quiz has been taken 35 times
  • The average score is 7 of 15

Answer Stats

TypeYearNameInfo% Correct
Film1996101 DalmatiansDisney
100%
Film1961One Hundred and One DalmatiansDisney
100%
TV Show1997-1998101 Dalmatians: The SeriesABC / Syndication
80%
Children's Novel1956The Hundred and One DalmatiansDodie Smith
75%
Film2021CruellaDisney
70%
Film2000102 DalmatiansDisney
65%
Film2003101 Dalmatians II: Patch's London AdventureDisney
55%
Video Game2003101 Dalmatians II: Patch's London AdventureDisney
55%
TV Show2019-Present101 Dalmatian StreetDisney Channel
30%
Video Game1997101 Dalmatians: Escape from DeVil ManorDisney
15%
Children's Novel1967The Starlight BarkingDodie Smith
15%
Video Game2000102 Dalmatians Activity CenterDisney
10%
Video Game2000Disney's 102 Dalmatians: Puppies to the RescueDisney
10%
Video Game1997101 Dalmatians Print StudioDisney
5%
Video Game1997Disney's Animated Storybook: 101 DalmatiansDisney
5%

Score Distribution

Percentile by Number Answered

Percent of People with Each Score

Your Score History

You have not taken this quiz